LEADER 01168nam a2200277 i 4500 001 000000072288 003 CaOOAMICUS 005 20100819000000.0 008 100819s1996 it u000 u ita u 013 $a43460 020 $a88-09-20933-8 040 $aSeMil$bita 100 1 $aLis, Adriana.$0(OLS)http://semarc/name/35801 245 12$aL'osservazione nella psicologia dello sviluppo /$cAdriana Lis, Paola Venuti. 260 $aFirenze :$bGiunti,$c1996. 300 $a232 p. ;$c25 cm. 490 0 $aManuali e monografie di psicologia Giunti 650 4$aPsicologia infantile - Ricerche - Metodo.$0(OLS)http://semarc/subject/14555 700 1 $aVenuti, Paola.$0(OLS)http://semarc/name/35802 830 0$aManuali e monografie di psicologia Giunti.$0(OLS)http://semarc/title/9381 850 $aSeMil 852 $aSeMil$W1$xVenegono$y1$m2O V 96$j38441$B38441$CSeMilBibl$Z2$F38444 $81 961 $aAcquisto: Mescat 996 $6020$a88-09-20933-8$9(OLS)http://semarc/number/51571 996 $6245$aL'osservazione nella psicologia dello sviluppo$9(OLS)http://semarc/title/116484 996 $6260$aFirenze :$bGiunti$9(OLS)http://semarc/publisher/30127 LEADER 01136nam a2200217 i 4500 001 000000101877 003 CaOOAMICUS 005 20160216000000.0 008 160216s1935 it u000 u ita u 013 $a74029 040 $aSeMil$bita 100 1 $aPaccagnella, Ermenegildo.$0(OLS)http://semarc/name/43754 245 10$aDidattica e pedagogia musicale :$bprogramma e regolamento scolastico per l'insegnamento del pianoforte, teoria e composizione secondo i nuovi principî /$cErmenegildo Paccagnella. 260 $aMonza :$bArti Grafiche Monza,$c1935. 300 $a79 p., [1] c. di tav. :$britr. ;$c23 cm. 650 4$aPianoforte - Insegnamento.$0(OLS)http://semarc/subject/757 650 4$aMusica - Manuali.$0(OLS)http://semarc/subject/16405 850 $aSeMil 852 $aSeMil$W1$xVenegono$y1$m3Q III 7$j58554$B58554$CSeMilBibl$Z2$F69388 $81 996 $6245$aDidattica e pedagogia musicale :$bprogramma e regolamento scolastico per l'insegnamento del pianoforte, teoria e composizione secondo i nuovi principî$9(OLS)http://semarc/title/148666 996 $6260$aMonza :$bArti Grafiche Monza$9(OLS)http://semarc/publisher/44659